000 01125nam a2200277 i 4500
001 106408
003 ES-MaACL
005 20250624062931.0
007 t|
008 061113s1964 sp ||||1| spa d
080 _a76 Picasso, Pablo (083.82)
100 1 _aPicasso, Pablo,
_d1881-1973
_991794
245 1 0 _aPicasso
_b: [exposición, Sala de la Cacharrería del Ateneo de Madrid, marzo de 1964] /
_c[Texto: Carlos-Antonio Areán].
260 _a[Madrid] :
_bPublicaciones Españolas,
_c[1964]
300 _a[32] p. :
_bprincipalmente il. n. ;
_c28 cm.
490 1 _aCuadernos de arte. Colección ordinaria ;
_v151
600 1 4 _aPicasso, Pablo,
_d1881-1973-
_vExposiciones
_991797
610 2 7 _aAteneo de Madrid-
_vExposiciones-
_y1960-1969.
_91920
655 7 _2tgfbne
_9193628
_aCatálogos de exposiciones
700 1 _aAreán, Carlos,
_d1921-1996
_922562
710 2 _aAteneo de Madrid.
_bSala de la Cacharrería.
_91963
830 0 _aCuadernos de arte. Colección ordinaria
_v151
_9180064
852 _aES-MaACL
_j2194-F-33
_9110435
_bR.138104
_cDEPOF
942 _2udc
_cFOLLETOS
999 _c106408
_d106408